| 000 | 00808cab a2200265 4500 | ||
|---|---|---|---|
| 001 | WB2838-27 | ||
| 008 | 090401t1992 xxu||||| |||| 00| 0 eng d | ||
| 035 | _a(Sirsi) u26181 | ||
| 041 | _aeng | ||
| 245 | _aEnergy efficiency | ||
| 260 | _c1992 | ||
| 300 | _aLOAN | ||
| 350 | _a0 | ||
| 490 |
_aEvening Standard _v28 September 1992, 49-56(8) |
||
| 520 | _aSpecial report on energy efficiency covering combined heat and power, simple ways of saving energy in the home, design work at Milton Keynes, and the role of the EC. | ||
| 650 | _aALTENER | ||
| 650 | _aCOMBINED HEAT AND POWER | ||
| 650 | _aENERGY EFFICIENCY | ||
| 650 | _aNATIONAL ENERGY FOUNDATION | ||
| 650 | _aSAVE | ||
| 650 | _aTHERMIE | ||
| 690 | _aENVIRONMENTAL AND LAND CONSULTANCY-ENERGY | ||
| 942 | _n0 | ||
| 948 | _c04/03/1997 | ||
| 999 |
_c17576 _d17576 |
||